| 000 | 00673nam a2200193 i 4500 | ||
|---|---|---|---|
| 001 | 91757 | ||
| 003 | ES-MaACL | ||
| 005 | 20230906180814.0 | ||
| 007 | t| | ||
| 008 | 050211s1994 sp ||||1| spa d | ||
| 080 | _a929 Martínez Montañés, Juan | ||
| 100 | 1 |
_aJuan Lovera, Carmen. _967128 |
|
| 245 | 1 | 0 |
_aNuevos y muy importantes datos sobre Juan Martínez Montañés / _cCarmen Juan Lovera. |
| 260 |
_aJaén. : _b[s.n.], _c1994. |
||
| 300 |
_ap. [17]-55 ; _c24 cm. |
||
| 500 | _aSeparata de: Boletín del Instituto de Estudios Giennenses, nº CLIV, octubre-diciembre 1994. | ||
| 600 | 1 | 4 |
_aMartínez Montañés, Juan. _978251 |
| 852 |
_aES-MaACL _j2187-F-4 _bR.125150 |
||
| 999 |
_c91757 _d91757 |
||